[Event "Pforzheim2"]
[Site "Pforzheim"]
[Date "2005.10.31"]
[Round "6"]
[White "Leistner, Samuel"]
[Black "Radtke, Daniel"]
[Result "0-1"]
[WhiteElo "1030"]
[BlackElo "1123"]
[PlyCount "110"]
[EventDate "2005.10.29"]
[EventType "tourn"]
[EventRounds "9"]
[EventCountry "GER"]
[SourceTitle "EXT 2007"]
[Source "ChessBase"]
[SourceDate "2006.11.23"]
[SourceVersion "1"]
[SourceVersionDate "2006.11.23"]
[SourceQuality "1"]

1. e4 e5 2. Nf3 Nc6 3. Bb5 d6 4. 0-0 Nf6 5. Re1 Bd7 6. Nc3 Be7 7. Bxc6 Bxc6 8. d4 exd4 9. Qxd4 0-0 10. Bg5 h6 11. Bxf6 Bxf6 12. e5 Bxf3 13. exf6 Qxf6 14. Qxf6 gxf6 15. gxf3 Kh7 16. Nd5 Rg8+ 17. Kh1 Rg5 18. Nxf6+ Kg7 19. Ne4 Rg6 20. h4 h5 21. f4 f5 22. Ng5 d5 23. Re7+ Kf8 24. Rae1 Rc6 25. Nh7+ Kg8 26. Rg1+ Kh8 27. Rgg7 Rg8 28. Rxg8+ Kxg8 29. Ng5 Rxc2 30. Re5 d4 31. Rxf5 d3 32. Rd5 d2 33. Rd8+ Kg7 34. Nf3 Rc1+ 35. Kh2 d1Q 36. Rxd1 Rxd1 37. f5 Kf6 38. Ng5 Kxf5 39. b4 Rd2 40. a4 Kg4 41. Kg2 b6 42. a5 bxa5 43. bxa5 c5 44. a6 c4 45. Nf3 c3 46. Ne5+ Kf5 47. Nf7 c2 48. Nh6+ Kg6 49. Ng4 c1Q 50. Ne3 Qe1 51. Nc4 Qe4+ 52. Kh2 Qf4+ 53. Kh1 Qf3+ 54. Kh2 Rxf2+ 55. Kg1 Qg2# 0-1

[Event "Pforzheim2"]
[Site "Pforzheim"]
[Date "2005.10.30"]
[Round "4"]
[White "Waidelich, Dominik"]
[Black "Radtke, Daniel"]
[Result "1-0"]
[WhiteElo "1463"]
[BlackElo "1123"]
[PlyCount "53"]
[EventDate "2005.10.29"]
[EventType "tourn"]
[EventRounds "9"]
[EventCountry "GER"]
[SourceTitle "EXT 2007"]
[Source "ChessBase"]
[SourceDate "2006.11.23"]
[SourceVersion "1"]
[SourceVersionDate "2006.11.23"]
[SourceQuality "1"]

1. e4 e5 2. Nf3 Nc6 3. d4 exd4 4. Nxd4 Nf6 5. Nc3 Bb4 6. Nxc6 bxc6 7. Bd3 d5 8. exd5 cxd5 9. 0-0 0-0 10. Bg5 d4 11. Ne4 Be7 12. Re1 Bd7 13. Qf3 Bg4 14. Nxf6+ Bxf6 15. Bxf6 Bxf3 16. Bxd8 Bxg2 17. Be7 Rfe8 18. Kxg2 Rab8 19. b4 c6 20. Bc5 Red8 21. a3 Rd5 22. Bc4 Rg5+ 23. Kh1 g6 24. Bxd4 Rg4 25. c3 Rd8 26. Bb3 Rd6 27. Re8# 1-0

[Event "Pforzheim2"]
[Site "Pforzheim"]
[Date "2005.10.29"]
[Round "3"]
[White "Radtke, Daniel"]
[Black "Tiemann, Christoph"]
[Result "0-1"]
[WhiteElo "1123"]
[BlackElo "1166"]
[PlyCount "122"]
[EventDate "2005.10.29"]
[EventType "tourn"]
[EventRounds "9"]
[EventCountry "GER"]
[SourceTitle "EXT 2007"]
[Source "ChessBase"]
[SourceDate "2006.11.23"]
[SourceVersion "1"]
[SourceVersionDate "2006.11.23"]
[SourceQuality "1"]

1. e4 c5 2. f4 Nc6 3. Nf3 Nf6 4. Nc3 d6 5. Bc4 Bg4 6. h3 Bxf3 7. gxf3 a6 8. a4 Nd4 9. d3 g6 10. Be3 Nc6 11. d4 cxd4 12. Bxd4 Bg7 13. Qe2 Nxd4 14. Qd3 Nc6 15. 0-0-0 0-0 16. Nd5 Nxd5 17. exd5 Nd4 18. f5 Nxf5 19. h4 Qb6 20. h5 Qxb2+ 21. Kd2 Qb4+ 22. c3 Qxa4 23. Rb1 Rab8 24. Rb4 Qd7 25. hxg6 hxg6 26. f4 Nh6 27. Qf3 Qg4 28. Qf2 Qf5 29. Qh4 Rfe8 30. Ke3 Qf6 31. Qxf6 exf6+ 32. Kf3 Nf5 33. Rb2 Re3+ 34. Kf2 Rxc3 35. Bf1 Ne3 36. Be2 Nxd5 37. Rh4 g5 38. fxg5 fxg5 39. Rh5 Nf4 40. Rh2 Nxe2 41. Kxe2 Rh3 42. Rxh3 Bxb2 43. Kd3 Kg7 44. Rf3 f6 45. Ke4 Kg6 46. Rf2 Be5 47. Rf5 b5 48. Rf3 b4 49. Kd5 b3 50. Rxb3 Rxb3 51. Ke6 a5 52. Ke7 a4 53. Kd7 a3 54. Kc6 a2 55. Kd5 a1Q 56. Ke6 Qc3 57. Kd5 Rb5+ 58. Ke6 Qc4+ 59. Kd7 Rb7+ 60. Kd8 Qc7+ 61. Ke8 Qe7# 0-1